Responses for Show #1064 - Thursday, March 30, 1989

Jim Tompkins-MacLaine game 1.

Contestants

[<< previous game]

Jim Tompkins-MacLaine, a musician originally from Tiffin, Ohio

Alan Israel, a coin laundry owner from Redondo Beach, California

Hugh McElaney, a U.S. Air Force contract negotiator from Upton, Massachusetts (whose 1-day cash winnings total $9,401)

[next game >>]

Jeopardy! Round responses

STARTS WITH "S"
NEW YORK CITY
BABIES
BRITISH POLITICS
SURVEYS
POTPOURRI
    $100 1
77 Sunset Strip

Jim
    $100 7
Broadway

Jim
    $100 2
cribs

Hugh
    $100 13
veto (or reject it)

Jim
    $100 23
champagne

Jim
    $100 15
New World

Jim
    $200 3
(Alan: What is a slam?)

slam dunk

Alan
    $200 9
Radio City Music Hall

Jim
    $200 8
the head

Alan
    $200 18
House of Lords

Jim
    $200 24
the Olympic Games

Alan
    $200 16
Pancho

Jim
    $300 4
sparkler

Alan
    $300 11
Lincoln Center

Jim
    $300 10
mother's milk

Alan
    $300 25
dog names

Triple Stumper
    $300 17
(Alex: That's how much cash you can get.)

the amount of money in the bank of the Monopoly game

Hugh
    $500 5
"Stardust"

Alan
    $400 21
(Alex: Minute to go.)

the Algonquin Hotel

Jim
    $400 12
her twenties

Hugh
    $400 26
[end-of-round signal sounds]

"(I Can't Get No) Satisfaction"

Jim
    $400 19
(Alan: What is lettuce?)

beets

Alan
Triple Stumper
    $500 6
spinach

Triple Stumper
    $500 22
the World Trade Center

Hugh
    $500 14
(Alan: What is infant size?)

newborn size

AlanJim
    $500 20
Halifax

Jim

Scores at the first commercial break (after clue 13):

Hugh Alan Jim
$500 $1,500 $800

Scores at the end of the Jeopardy! Round:

Hugh Alan Jim
$1,300 $800 $3,200

Double Jeopardy! Round responses

HISTORIC NAMES
FASHION DESIGNERS
SCIENCE
BOOKS & AUTHORS
ACTORS & ROLES
"O" ON THE MAP
    $200 1
Japan

Alan
    $200 16
Jacqueline Kennedy

Jim
    $200 26
(Hugh: What is AC?)

DC (direct current)

HughJim
    $200 14
a complaint

Jim
    $200 9
Jack Lemmon

Jim
    $200 3
Ottawa, Ontario

Alan
    $400 2
John J. Pershing

Hugh
    $400 17
Nancy Reagan

Alan
    $400 27
(Alan: What is evolution?)
(Hugh: What is selection...competitive selection?)
[end-of-round signal sounds]

natural selection

HughAlan
Triple Stumper
    $400 19
fall

Jim
    $400 10
Gwen Verdon

Jim
    $400 5
Orleans

Alan
    $600 4
Harriet Tubman

Hugh
    $600 20
Ralph Lauren

Jim
    $600 23
Hawthorne

Hugh
    $600 11
Poltergeist

Jim
    $600 7
Okinawa

Jim
    $800 6
(Alan: Who was Stanton?)

Seward

HughAlan
    $800 21
Diane von Furstenberg

Jim
    $3,000 24
(Hugh: What is "Armies of the Night?")
(Alex: We've got less than a minute to go.)

The Executioner's Song

Hugh
    $800 12
To Kill a Mockingbird

Jim
    $800 8
(Jim: What is the Occident?)

Oceania

Jim
    $1000 18
(Jim: Who was King James....I?)

King James II

HughJim
    $1000 22
Gloria Vanderbilt

Jim
    $1000 25
Thedore Dreiser

Jim
    $1000 13
Shirley MacLaine

Hugh
    $1000 15
the Orinoco

Jim

Scores at the end of the Double Jeopardy! Round:

Hugh Alan Jim
$2,100 $800 $9,400
(lock game)

[wagering suggestions for these scores]

Final Jeopardy! Round responses

BUSINESS & INDUSTRY
(Alex: They've got a lot of lakes in Minnesota.)
AlanWhat is Dairy Maid
$800
HughWhat is Land O Lakes
$499
JimWhat is "Land O Lakes"?
$600
Land O Lakes

Final scores:

Hugh Alan Jim
$2,599 $0 $10,000
2nd place: Trip to the Guest Quarters Suite Hotel, Fort Lauderdale 3rd place: Whirlpool French door refrigerator New champion: $10,000

Game dynamics:

Coryat scores:

Hugh Alan Jim
$5,100 $700 $10,200
10 R,
3 W
(including 1 DD)
10 R
(including 1 DD),
4 W
27 R,
2 W
(including 1 DD)

Combined Coryat: $16,000

[game clues] [game scores] [suggest correction]

Game tape date: 1988-12-06
The J! Archive is created by fans, for fans. Scraping, republication, monetization, and malicious use prohibited; this site may use cookies and collect identifying information. See terms. The Jeopardy! game show and all elements thereof, including but not limited to copyright and trademark thereto, are the property of Jeopardy Productions, Inc. and are protected under law. This website is not affiliated with, sponsored by, or operated by Jeopardy Productions, Inc. Join the discussion at JBoard.tv.